| 000 | 00369nam a2200145Ia 4500 | ||
|---|---|---|---|
| 008 | 230312s9999||||xx |||||||||||||| ||und|| | ||
| 020 | _a93-325-5513-6 | ||
| 082 |
_a621.382 _bPRO-C |
||
| 100 | _aProakis;John.G | ||
| 245 | 0 | _aCommunication systems engineering | |
| 260 |
_bShell harien _anoida _c2002 |
||
| 300 | _a800 | ||
| 650 |
_aEngineering _vAvionics |
||
| 942 | _cBK | ||
| 999 |
_c12404 _d12404 |
||